00488cam a22001217a 4500008004000000082001300040100001600053245020000069260002800269300001000297650003400307650002500341180718b1957 xxu||||| |||| 00| 0 eng d aD78 F439 aForde, J.S. aInternational trade in managerial skills; being an inquiry into the provision of certain British managerial and technical services for the operation of industrial enterprise in undcby J.S. Forde aOxfordbBlackwellc1957 a153p. aTechnical assistance, British aBusiness consultants